[Event "Ïåðâåíñòâî Ìîñêâû ïî øàõìàòàì"]
[Site "Ìîñêâà, ÌÃÈÌÎ ïð. Âåðíàäñêîãî,"]
[Date "2018.11.24"]
[Round "8.1"]
[White "Kirchei, Viktoriia"]
[Black "Lobanova, Milana"]
[Result "1-0"]
[WhiteElo "2002"]
[BlackElo "1461"]
[PlyCount "63"]
[EventDate "2018.11.18"]

1. e4 d5 2. Nc3 e6 3. exd5 exd5 4. Qe2+ Be7 5. d3 Nf6 6. Bd2 c5 7. h3 Nc6 8.
Nf3 h6 9. g3 Be6 10. Bg2 a6 11. a4 O-O 12. O-O Rb8 13. Qd1 b5 14. axb5 axb5 15.
Ne2 Bd6 16. Nf4 Re8 17. Nh2 Nd4 18. c3 Nf5 19. Ng4 Nxg4 20. hxg4 Ne7 21. Nxe6
fxe6 22. g5 Nf5 23. g4 Nh4 24. gxh6 gxh6 25. g5 hxg5 26. Qg4 Nxg2 27. Bxg5 Qd7
28. Bf6+ Kf8 29. Qh5 Re7 30. Qh8+ Kf7 31. Qg7+ Ke8 32. Qg8# 1-0

[Event "Ïåðâåíñòâî Ìîñêâû ïî øàõìàòàì"]
[Site "Ìîñêâà, ÌÃÈÌÎ ïð. Âåðíàäñêîãî,"]
[Date "2018.11.24"]
[Round "8.2"]
[White "Gaer, Margarita"]
[Black "Kasaeva, Sofiia"]
[Result "0-1"]
[WhiteElo "1672"]
[BlackElo "1874"]
[PlyCount "128"]
[EventDate "2018.11.18"]

1. Nf3 d5 2. g3 Nf6 3. Bg2 c6 4. O-O Bf5 5. d3 e6 6. Nh4 Bg6 7. Nxg6 hxg6 8.
Nd2 Be7 9. e4 a5 10. Qe2 Na6 11. a3 Rc8 12. e5 Nd7 13. Nf3 Qc7 14. Re1 Qd8 15.
Be3 Bc5 16. d4 Be7 17. c4 dxc4 18. Qxc4 Nb6 19. Qe2 Nd5 20. Nd2 Nxe3 21. Qxe3
Nc7 22. Ne4 Nd5 23. Qb3 Qb6 24. Qxb6 Nxb6 25. Rac1 O-O 26. Red1 Rfd8 27. f4 Nd5
28. Kf2 Rd7 29. Rd3 Nb6 30. Rcd1 Rcd8 31. Bf3 Nc4 32. Rb3 a4 33. Rc3 Rxd4 34.
Rxd4 Rxd4 35. Rc2 Kf8 36. Ke2 Ke8 37. Nc3 Nb6 38. Ne4 Kd8 39. Ke3 Rc4 40. Rd2+
Nd5+ 41. Kf2 Kc7 42. Ke2 Rc1 43. Kf2 Nb6 44. Be2 Nc4 45. Bxc4 Rxc4 46. Kf3 b5
47. g4 c5 48. Nc3 Kc6 49. Ke3 b4 50. axb4 Rxb4 51. Ne4 Rb3+ 52. Ke2 Rh3 53. Kd1
Rf3 54. Rf2 Rxf2 55. Nxf2 Kd5 56. Kc2 Kd4 57. Nd3 c4 58. Nf2 a3 59. bxa3 Bxa3
60. Nh3 Be7 61. Kd2 Ke4 62. Kc3 Kf3 63. Kxc4 Kg2 64. Kd4 Kxh3 0-1

[Event "Ïåðâåíñòâî Ìîñêâû ïî øàõìàòàì"]
[Site "Ìîñêâà, ÌÃÈÌÎ ïð. Âåðíàäñêîãî,"]
[Date "2018.11.24"]
[Round "8.3"]
[White "Zvereva, Margarita"]
[Black "Krupnova, Anna"]
[Result "1-0"]
[WhiteElo "1787"]
[BlackElo "1759"]
[PlyCount "87"]
[EventDate "2018.11.18"]

1. e4 c5 2. Nf3 g6 3. d4 cxd4 4. Nxd4 Bg7 5. Nc3 Nc6 6. Be3 Nf6 7. Bc4 O-O 8.
Bb3 Re8 9. O-O d6 10. f3 Na5 11. Qd2 a6 12. a4 e5 13. Nde2 Nxb3 14. cxb3 Be6
15. b4 d5 16. exd5 Nxd5 17. Nxd5 Bxd5 18. Nc3 Bb3 19. Qf2 f5 20. Ra3 Bf7 21.
Rd1 Qc7 22. Bb6 Qc6 23. b5 Qe6 24. Nd5 e4 25. Nc7 Qc4 26. Nxe8 Rxe8 27. fxe4
fxe4 28. bxa6 bxa6 29. a5 Be6 30. Raa1 Bg4 31. Re1 Qd5 32. h3 Bf5 33. Rad1 Qb3
34. Bd4 e3 35. Bxe3 Bc2 36. Rd2 Rf8 37. Qe2 Bf5 38. Qxa6 Bxb2 39. Bd4 Qg3 40.
Qc4+ Be6 41. Qxe6+ Rf7 42. Qc8+ Rf8 43. Qc4+ Rf7 44. Re8# 1-0

[Event "Ïåðâåíñòâî Ìîñêâû ïî øàõìàòàì"]
[Site "Ìîñêâà, ÌÃÈÌÎ ïð. Âåðíàäñêîãî,"]
[Date "2018.11.24"]
[Round "8.4"]
[White "Mikhailina, Elena"]
[Black "Ochirova, Anita"]
[Result "0-1"]
[WhiteElo "1736"]
[BlackElo "1554"]
[PlyCount "126"]
[EventDate "2018.11.18"]

1. e4 c6 2. d4 d5 3. Nc3 dxe4 4. Nxe4 Nf6 5. Nxf6+ exf6 6. Be3 Bd6 7. c3 O-O 8.
Bd3 Re8 9. Ne2 Bg4 10. h3 Bh5 11. O-O Qc7 12. Qd2 Bg6 13. Nf4 Nd7 14. Nxg6 hxg6
15. Qc2 f5 16. Bd2 Nf6 17. Rfe1 Rac8 18. c4 Qd7 19. Bc3 Bb8 20. Qd2 Qd6 21. g3
Nh5 22. c5 Qc7 23. Kg2 Nxg3 24. Ba5 b6 25. cxb6 axb6 26. Bxb6 Qxb6 27. fxg3
Qxd4 28. Rad1 Qd5+ 29. Kh2 Qxa2 30. Bf1 Qb3 31. Qc3 Qb6 32. Qd4 Qc7 33. Qf2 Ba7
34. Qf4 Qb6 35. Bg2 Qxb2 36. Qd2 Qxd2 37. Rxe8+ Rxe8 38. Rxd2 c5 39. Rc2 g5 40.
Bf3 Re3 41. Kg2 g6 42. Ra2 Re7 43. Bd5 Kg7 44. Kf3 Bb8 45. Ra8 Be5 46. Rc8 Bd4
47. Bc4 Re3+ 48. Kg2 Be5 49. Rxc5 Rxg3+ 50. Kf2 Bf4 51. Bf1 g4 52. hxg4 fxg4
53. Be2 f5 54. Rc4 g5 55. Ra4 Re3 56. Bc4 Re7 57. Bd3 Be5 58. Ra5 f4 59. Bf5
Bd4+ 60. Kf1 g3 61. Ra6 Bf6 62. Rc6 Ra7 63. Rc2 f3 0-1

[Event "Ïåðâåíñòâî Ìîñêâû ïî øàõìàòàì"]
[Site "Ìîñêâà, ÌÃÈÌÎ ïð. Âåðíàäñêîãî,"]
[Date "2018.11.24"]
[Round "8.5"]
[White "Vetokhina, Sofia"]
[Black "Mayorova, Varvara"]
[Result "1/2-1/2"]
[WhiteElo "1595"]
[BlackElo "1294"]
[PlyCount "169"]
[EventDate "2018.11.18"]

1. d4 d5 2. c4 c6 3. Nf3 Nf6 4. g3 Bg4 5. Bg2 e6 6. O-O Nbd7 7. Qd3 Be7 8. Nc3
Bf5 9. Qd1 dxc4 10. Nh4 Bg4 11. h3 Bh5 12. g4 Bg6 13. Nxg6 hxg6 14. e4 Qc7 15.
Be3 O-O 16. Rc1 Rad8 17. Qe2 b5 18. f4 a6 19. Bf3 c5 20. g5 cxd4 21. Bxd4 Ne8
22. Bg4 e5 23. Nd5 Qd6 24. Be3 f5 25. Rcd1 Qe6 26. Bf3 Bc5 27. Qf2 Bxe3 28.
Qxe3 Rc8 29. Rfe1 Nd6 30. Qd2 Nc5 31. exf5 Rxf5 32. Bg4 Nd3 33. Bxf5 Nxf5 34.
Qg2 Nxe1 35. Rxe1 e4 36. Qxe4 Qxe4 37. Rxe4 Rd8 38. Re5 Nh4 39. Kf2 Nf5 40. Kf3
Nd4+ 41. Ke4 Nc6 42. Re6 Rc8 43. Rxg6 Kf7 44. f5 Re8+ 45. Kf4 Nd4 46. Rxa6 Ne2+
47. Kg4 Re4+ 48. Kf3 Re5 49. Ra7+ Kf8 50. Ne3 Nd4+ 51. Kf4 Re8 52. Rd7 Ne2+ 53.
Kf3 Ng1+ 54. Kg2 Nxh3 55. Nxc4 Nxg5 56. Nd2 Re5 57. Rd8+ Ke7 58. Rb8 Re2+ 59.
Kg3 Rxd2 60. Rxb5 Ne4+ 61. Kf4 Nd6 62. Rb6 Rf2+ 63. Kg5 Rxf5+ 64. Kg6 Rf6+ 65.
Kh5 g5 66. Rb3 Rf5 67. Kg4 Re5 68. Rh3 Nf7 69. Rh2 Ke6 70. b3 Re4+ 71. Kf3 Kf5
72. Rc2 Ne5+ 73. Kg3 Re3+ 74. Kg2 g4 75. Rf2+ Ke4 76. b4 g3 77. Rc2 Nd3 78.
Rc4+ Kd5 79. Rg4 Ne1+ 80. Kg1 Rf3 81. Rg5+ Kc4 82. Re5 Nd3 83. Re4+ Kb5 84. Kg2
Rf2+ 85. Kxg3 1/2-1/2

[Event "Ïåðâåíñòâî Ìîñêâû ïî øàõìàòàì"]
[Site "Ìîñêâà, ÌÃÈÌÎ ïð. Âåðíàäñêîãî,"]
[Date "2018.11.24"]
[Round "8.6"]
[White "Platuschikhina, Darya"]
[Black "Soblirova, Sabina"]
[Result "0-1"]
[WhiteElo "1226"]
[BlackElo "1412"]
[PlyCount "52"]
[EventDate "2018.11.18"]

1. e4 e6 2. d4 d5 3. Nc3 Nf6 4. Bg5 Bb4 5. e5 h6 6. Bd2 Bxc3 7. Bxc3 Ne4 8. Bd3
Qh4 9. g3 Nxc3 10. bxc3 Qe7 11. Ne2 c5 12. Nf4 Nc6 13. Bb5 cxd4 14. Qxd4 O-O
15. Bxc6 bxc6 16. O-O Ba6 17. Rfe1 Bc4 18. Nh5 Qg5 19. Qd1 Rab8 20. h4 Qf5 21.
g4 Qh7 22. Qd4 Qxc2 23. Qf4 Rb2 24. Rac1 Qd2 25. Qg3 Rc2 26. Red1 Rxc1 0-1

[Event "Ïåðâåíñòâî Ìîñêâû ïî øàõìàòàì"]
[Site "Ìîñêâà, ÌÃÈÌÎ ïð. Âåðíàäñêîãî,"]
[Date "2018.11.24"]
[Round "8.7"]
[White "Shevtsova, Stefania"]
[Black "Pobedimova, Anastasija"]
[Result "1-0"]
[WhiteElo "1501"]
[BlackElo "1192"]
[PlyCount "91"]
[EventDate "2018.11.18"]

1. e4 e6 2. d4 d5 3. e5 c5 4. c3 Nc6 5. Nf3 Qb6 6. a3 a5 7. a4 Nge7 8. Na3 cxd4
9. cxd4 Qb4+ 10. Qd2 Qxa4 11. b3 Qb4 12. Nb5 Kd7 13. Nd6 f6 14. Bb5 Qxb3 15.
Bb2 Kc7 16. Bc3 Ng6 17. O-O Bxd6 18. exd6+ Kxd6 19. Rfb1 Qxb1+ 20. Rxb1 a4 21.
Bb4+ Kd7 22. Qc2 a3 23. Rc1 Nge7 24. Bxe7 Kxe7 25. Bxc6 bxc6 26. Qc5+ Kf7 27.
Qxc6 Ra6 28. Qc7+ Kg6 29. Qg3+ Kh6 30. Rc7 g5 31. Qh3+ Kg6 32. Nh4+ gxh4 33.
Qg4+ Kh6 34. Qg7+ Kh5 35. g4+ hxg3 36. Qxg3 a2 37. Qf3+ Kg6 38. Qg4+ Kh6 39.
Qg7+ Kh5 40. Qxh8 a1=Q+ 41. Kg2 Qb1 42. Rxh7+ Kg5 43. Rg7+ Kf5 44. Qh7+ Kf4 45.
Qh4+ Kf5 46. Qg4# 1-0

[Event "Ïåðâåíñòâî Ìîñêâû ïî øàõìàòàì"]
[Site "Ìîñêâà, ÌÃÈÌÎ ïð. Âåðíàäñêîãî,"]
[Date "2018.11.24"]
[Round "8.10"]
[White "Zontova, Olga"]
[Black "Bakhtina, Anastasiya"]
[Result "1-0"]
[WhiteElo "1022"]
[BlackElo "1405"]
[PlyCount "119"]
[EventDate "2018.11.18"]

1. e4 e5 2. Nf3 Nc6 3. d4 exd4 4. Nxd4 Qf6 5. Nxc6 Bc5 6. Qd2 Qxc6 7. Bd3 Ne7
8. O-O d5 9. exd5 Qxd5 10. Re1 Be6 11. Nc3 Qd7 12. Bb5 c6 13. Qxd7+ Bxd7 14.
Bc4 O-O-O 15. Ne4 Bb6 16. Nd6+ Kc7 17. Nxf7 Ng6 18. Nxh8 Rxh8 19. Be3 Ba5 20.
c3 Kb8 21. h3 Bc7 22. Bf7 Ne5 23. Bb3 Bxh3 24. Bf4 Nf3+ 25. gxf3 Bxf4 26. Bf7
Kc7 27. Re8 Rxe8 28. Bxe8 g5 29. Re1 Bf5 30. Bf7 Kb6 31. Re7 Bb1 32. Bg8 h5 33.
Kg2 h4 34. Be6 Bd3 35. b3 Ba6 36. Bc4 Bxc4 37. bxc4 Bd2 38. Rg7 Bf4 39. Kh3 Bd2
40. Kg4 Bf4 41. Rf7 Bd2 42. Rh7 Bf4 43. Rxh4 gxh4 44. Kxf4 Kc5 45. Kg4 Kxc4 46.
f4 Kd5 47. Kxh4 Kd6 48. Kg5 Ke7 49. f5 Kf7 50. f6 b5 51. Kf5 c5 52. Ke5 c4 53.
Kd4 Kxf6 54. Kc5 a6 55. Kb4 Ke5 56. a4 Ke4 57. axb5 axb5 58. Kxb5 Kd5 59. f4
Ke4 60. Kxc4 1-0

[Event "Ïåðâåíñòâî Ìîñêâû ïî øàõìàòàì"]
[Site "Ìîñêâà, ÌÃÈÌÎ ïð. Âåðíàäñêîãî,"]
[Date "2018.11.24"]
[Round "8.11"]
[White "Kirianova, Evgeniia"]
[Black "Vorovitskaya, Anastasia"]
[Result "0-1"]
[WhiteElo "1214"]
[BlackElo "1256"]
[PlyCount "76"]
[EventDate "2018.11.18"]

1. c4 Nf6 2. d4 g6 3. g3 Bg7 4. Bg2 d5 5. cxd5 Nxd5 6. Nc3 Nxc3 7. bxc3 O-O 8.
Nf3 c5 9. O-O Nc6 10. dxc5 Qa5 11. Be3 Rd8 12. Nd4 Qxc3 13. Rc1 Rxd4 14. Bxd4
Qxd4 15. Bxc6 bxc6 16. Qxd4 Bxd4 17. Rfd1 Bf6 18. Rd8+ Kg7 19. Rb1 Be5 20. f4
Bf6 21. e4 e6 22. Rd6 Ba6 23. e5 Be7 24. Rxc6 Bc4 25. Rc7 Bd8 26. Rd7 Bd5 27.
a3 a5 28. Rc1 Rc8 29. Rd6 Be7 30. Rd7 Rxc5 31. Rxc5 Bxc5+ 32. Kf1 Bxa3 33. Ke2
a4 34. Ra7 Bb3 35. Ra5 Bb2 36. Kd2 a3 37. Rb5 a2 38. Rxb3 a1=Q 0-1

[Event "Ïåðâåíñòâî Ìîñêâû ïî øàõìàòàì"]
[Site "Ìîñêâà, ÌÃÈÌÎ ïð. Âåðíàäñêîãî,"]
[Date "2018.11.24"]
[Round "8.12"]
[White "Prokhina, Ulyana"]
[Black "Pekhoto, Aleksandra"]
[Result "1-0"]
[WhiteElo "1249"]
[BlackElo "1150"]
[PlyCount "43"]
[EventDate "2018.11.18"]

1. e4 e6 2. d4 d5 3. Nd2 Nf6 4. e5 Nfd7 5. Bd3 c5 6. c3 Qb6 7. Ne2 Nc6 8. Nf3
cxd4 9. cxd4 Bb4+ 10. Bd2 Bxd2+ 11. Qxd2 O-O 12. O-O Qb4 13. Qc2 h6 14. a3 Qb6
15. Rfe1 Re8 16. Rac1 a6 17. b4 Rd8 18. Rcd1 Rf8 19. Nf4 Nxd4 20. Nxd4 Qxd4 21.
Bh7+ Kh8 22. Rxd4 1-0

[Event "Ïåðâåíñòâî Ìîñêâû ïî øàõìàòàì"]
[Site "Ìîñêâà, ÌÃÈÌÎ ïð. Âåðíàäñêîãî,"]
[Date "2018.11.25"]
[Round "9.1"]
[White "Soblirova, Sabina"]
[Black "Kirchei, Viktoriia"]
[Result "0-1"]
[WhiteElo "1412"]
[BlackElo "2002"]
[PlyCount "57"]
[EventDate "2018.11.18"]

1. d4 Nf6 2. Nf3 d5 3. c4 e6 4. g3 Be7 5. Bg2 O-O 6. O-O dxc4 7. Ne5 Nc6 8.
Nxc6 bxc6 9. Bxc6 Rb8 10. Bg2 Bb7 11. Nc3 Bxg2 12. Kxg2 Qd7 13. e4 c5 14. dxc5
Qc6 15. Qe2 Bxc5 16. Bf4 Rb7 17. Rad1 Re8 18. Be5 Nd7 19. Bd4 Bxd4 20. Rxd4 Ne5
21. Rfd1 Qb6 22. Na4 Qb5 23. Qc2 h6 24. R1d2 Reb8 25. f4 Nd3 26. Kf1 Nxb2 27.
Nxb2 c3+ 28. Nd3 Qb1+ 29. Nc1 0-1

[Event "Ïåðâåíñòâî Ìîñêâû ïî øàõìàòàì"]
[Site "Ìîñêâà, ÌÃÈÌÎ ïð. Âåðíàäñêîãî,"]
[Date "2018.11.25"]
[Round "9.2"]
[White "Kasaeva, Sofiia"]
[Black "Shevtsova, Stefania"]
[Result "1/2-1/2"]
[WhiteElo "1874"]
[BlackElo "1501"]
[PlyCount "43"]
[EventDate "2018.11.18"]

1. e4 c6 2. d4 d5 3. exd5 cxd5 4. c4 Nf6 5. Nc3 Nc6 6. Bg5 Be6 7. a3 g6 8. Bxf6
exf6 9. Nf3 Bg7 10. Be2 O-O 11. O-O f5 12. Rb1 b6 13. Qa4 Rc8 14. Rfd1 Bd7 15.
cxd5 Nxd4 16. Qxa7 Ra8 17. Qb7 Nxe2+ 18. Nxe2 Bb5 19. Nc3 Rb8 20. Qa7 Ra8 21.
Qb7 Rb8 22. Qa7 1/2-1/2

[Event "Ïåðâåíñòâî Ìîñêâû ïî øàõìàòàì"]
[Site "Ìîñêâà, ÌÃÈÌÎ ïð. Âåðíàäñêîãî,"]
[Date "2018.11.25"]
[Round "9.3"]
[White "Ochirova, Anita"]
[Black "Zvereva, Margarita"]
[Result "1/2-1/2"]
[WhiteElo "1554"]
[BlackElo "1787"]
[PlyCount "83"]
[EventDate "2018.11.18"]

1. e4 c5 2. Nf3 d6 3. d4 cxd4 4. Qxd4 Nc6 5. Bb5 Bd7 6. Bxc6 Bxc6 7. Nc3 Nf6 8.
Bg5 e6 9. O-O-O Be7 10. Rhe1 Qa5 11. Kb1 O-O-O 12. Qd2 Kb8 13. h3 h6 14. Be3
Qc7 15. Nd4 a6 16. f3 Nd7 17. Nb3 Ne5 18. Qd4 Kc8 19. f4 Ng6 20. Qxg7 Bh4 21.
g3 Bxg3 22. Rf1 Bh4 23. Qd4 h5 24. Qb4 Qe7 25. Bb6 Rd7 26. Na5 d5 27. Bc5 Qd8
28. Nxc6 bxc6 29. Na4 Rb7 30. Nb6+ Kb8 31. Qa5 Be7 32. b4 Bxc5 33. bxc5 Ne7 34.
Ka1 Nc8 35. Rb1 Nxb6 36. cxb6 dxe4 37. Qe5+ Ka8 38. Rfd1 Qb8 39. Qxe4 Rxb6 40.
Qd4 Rxb1+ 41. Rxb1 Qc8 42. Qe5 1/2-1/2

[Event "Ïåðâåíñòâî Ìîñêâû ïî øàõìàòàì"]
[Site "Ìîñêâà, ÌÃÈÌÎ ïð. Âåðíàäñêîãî,"]
[Date "2018.11.25"]
[Round "9.4"]
[White "Lobanova, Milana"]
[Black "Mikhailina, Elena"]
[Result "0-1"]
[WhiteElo "1461"]
[BlackElo "1736"]
[PlyCount "146"]
[EventDate "2018.11.18"]

1. d4 d5 2. c4 e6 3. Nf3 Nf6 4. g3 c6 5. Bg2 Nbd7 6. O-O Be7 7. b3 O-O 8. Bb2
Qb6 9. Nbd2 a5 10. Qc2 Rd8 11. e4 Nxe4 12. Nxe4 dxe4 13. Qxe4 Bf6 14. Rad1 Qc7
15. Bc1 Be7 16. Bf4 Bd6 17. Bg5 Re8 18. c5 Be7 19. Bf4 Qd8 20. Ne5 Nf6 21. Qc2
Nd5 22. Bd2 Rf8 23. Rfe1 Bf6 24. Nc4 Bd7 25. Bxd5 exd5 26. Nd6 Ra7 27. Bf4 Be7
28. Rd2 Bxd6 29. Bxd6 Re8 30. Rde2 Ra8 31. Rxe8+ Bxe8 32. Re7 Bd7 33. Qd2 Qc8
34. Qg5 h6 35. Qf4 Bf5 36. Rc7 Qe6 37. Qe5 Qxe5 38. Bxe5 f6 39. Bd6 Re8 40.
Rxb7 Re1+ 41. Kg2 Be4+ 42. Kh3 Bf5+ 43. g4 Bd3 44. Kg3 Re4 45. Rb8+ Kh7 46. Bf4
Rxd4 47. Ra8 Bf1 48. Be3 Rd3 49. Kf4 d4 50. Bc1 Bg2 51. Kf5 Rf3+ 52. Ke6 Rxf2
53. Kf7 Bd5+ 54. Kf8 f5 55. g5 hxg5 56. Bxg5 Kg6 57. h4 Kh5 58. Kxg7 d3 59.
Rxa5 d2 60. Bxd2 Rxd2 61. Kf6 Be4 62. Ra8 Kxh4 63. Rh8+ Kg3 64. Rg8+ Kf3 65. a4
Rd5 66. b4 Bd3 67. Rb8 f4 68. Rb6 Rd4 69. a5 Kg2 70. a6 Bxa6 71. Rxa6 Rxb4 72.
Ra2+ Kg3 73. Ke6 Rd4 0-1

[Event "Ïåðâåíñòâî Ìîñêâû ïî øàõìàòàì"]
[Site "Ìîñêâà, ÌÃÈÌÎ ïð. Âåðíàäñêîãî,"]
[Date "2018.11.25"]
[Round "9.5"]
[White "Krupnova, Anna"]
[Black "Zontova, Olga"]
[Result "1-0"]
[WhiteElo "1759"]
[BlackElo "1022"]
[PlyCount "63"]
[EventDate "2018.11.18"]

1. d4 d5 2. Nf3 Nf6 3. c4 c6 4. g3 Bf5 5. Bg2 Qc8 6. h4 e6 7. Nc3 Bd6 8. Bg5
Ne4 9. Nxe4 Bxe4 10. c5 Bc7 11. b4 b6 12. Qc1 h6 13. Bd2 O-O 14. h5 Re8 15. O-O
e5 16. dxe5 Bxf3 17. Bxf3 Bxe5 18. Rb1 Qh3 19. Bf4 Bxf4 20. Qxf4 Qe6 21. Rfd1
Na6 22. cxb6 axb6 23. b5 cxb5 24. Bxd5 Qf6 25. Qxf6 gxf6 26. Bxa8 Rxa8 27. Rxb5
Nc5 28. Rd2 Ne4 29. Rdb2 Nc3 30. Rxb6 Rxa2 31. Rxa2 Nxa2 32. Rxf6 1-0

[Event "Ïåðâåíñòâî Ìîñêâû ïî øàõìàòàì"]
[Site "Ìîñêâà, ÌÃÈÌÎ ïð. Âåðíàäñêîãî,"]
[Date "2018.11.25"]
[Round "9.7"]
[White "Mayorova, Varvara"]
[Black "Denschik, Alexandra"]
[Result "0-1"]
[WhiteElo "1294"]
[BlackElo "1228"]
[PlyCount "62"]
[EventDate "2018.11.18"]

1. d4 d5 2. c4 c6 3. Nf3 e6 4. Qc2 Bd6 5. g3 Nd7 6. Nc3 f5 7. Bf4 Bxf4 8. gxf4
Nb6 9. c5 Nc4 10. b3 Na3 11. Qb2 Qa5 12. b4 Nc4 13. bxa5 Nxb2 14. e3 Nc4 15.
Bxc4 dxc4 16. Ne5 Nf6 17. Nxc4 Nd5 18. Nxd5 exd5 19. Nd6+ Ke7 20. Rg1 g6 21.
Rb1 b6 22. axb6 axb6 23. Nxc8+ Rhxc8 24. Rb2 bxc5 25. dxc5 Rcb8 26. Rxb8 Rxb8
27. Kd2 Rb2+ 28. Kc3 Rxa2 29. Rb1 Ra5 30. Kd4 Ra4+ 31. Ke5 Re4# 0-1

[Event "Ïåðâåíñòâî Ìîñêâû ïî øàõìàòàì"]
[Site "Ìîñêâà, ÌÃÈÌÎ ïð. Âåðíàäñêîãî,"]
[Date "2018.11.25"]
[Round "9.8"]
[White "Vorovitskaya, Anastasia"]
[Black "Vetokhina, Sofia"]
[Result "1-0"]
[WhiteElo "1256"]
[BlackElo "1595"]
[PlyCount "171"]
[EventDate "2018.11.18"]

1. e4 c5 2. Nf3 Nc6 3. d4 cxd4 4. Nxd4 g6 5. c4 Nf6 6. Nc3 Bg7 7. Be3 d6 8. Be2
O-O 9. O-O Nxd4 10. Bxd4 Be6 11. Qd2 Qc8 12. b3 b6 13. f3 Nd7 14. Rac1 Ne5 15.
Nd5 Qb7 16. Qb2 Bh6 17. Rcd1 f6 18. Be3 Bg7 19. Nf4 Bf7 20. Qd2 Rac8 21. Nd5
Rfe8 22. h3 Nd7 23. Rc1 Nc5 24. Rfd1 Bf8 25. Bf1 Rb8 26. Bd4 Bg7 27. Be3 Be6
28. Nf4 Bh6 29. Nd5 Bxe3+ 30. Qxe3 Kg7 31. Nf4 Bf7 32. Nd5 Ne6 33. Kh2 Nc7 34.
Nb4 Rbc8 35. Nd5 Nxd5 36. cxd5 Rc5 37. b4 Rxc1 38. Rxc1 Rc8 39. Rc3 e6 40. dxe6
Bxe6 41. a3 a5 42. Qc1 axb4 43. axb4 Rxc3 44. Qxc3 Qc8 45. Qd4 Qc7 46. Kg1 Kf7
47. Kh1 Qc6 48. Kg1 Ke7 49. Qd2 Qc8 50. Qd4 Qc6 51. Qd2 Qc8 52. Qd4 Qc6 53. Qe3
h5 54. Qd4 Qc7 55. Qd2 Bf7 56. Qd4 Be6 57. Qd2 Bc4 58. Bxc4 Qxc4 59. Kh1 Kd7
60. Kg1 Ke7 61. Kh1 Kd7 62. Kg1 Kc6 63. Kh1 Kd7 64. Kg1 Ke7 65. Kh1 Kd7 66. Kg1
Kc6 67. Kh1 g5 68. Kh2 d5 69. exd5+ Qxd5 70. Qc3+ Kb5 71. Qxf6 Kxb4 72. Qxb6+
Kc4 73. Qa6+ Kd4 74. Qe2 Qf5 75. Qf2+ Kd3 76. h4 g4 77. Qf1+ Kd2 78. Qf2+ Kd3
79. Kg1 Qf4 80. fxg4 Qh6 81. gxh5 Ke4 82. Qe2+ Kd4 83. Kh2 Qf4+ 84. g3 Qh6 85.
Qg4+ Qf4 86. Qxf4+ 1-0

[Event "Ïåðâåíñòâî Ìîñêâû ïî øàõìàòàì"]
[Site "Ìîñêâà, ÌÃÈÌÎ ïð. Âåðíàäñêîãî,"]
[Date "2018.11.25"]
[Round "9.9"]
[White "Pobedimova, Anastasija"]
[Black "Prokhina, Ulyana"]
[Result "1/2-1/2"]
[WhiteElo "1192"]
[BlackElo "1249"]
[PlyCount "81"]
[EventDate "2018.11.18"]

1. e4 c5 2. c3 d5 3. exd5 Qxd5 4. d4 e6 5. Nf3 Nf6 6. Be2 Nc6 7. O-O Be7 8. Be3
cxd4 9. cxd4 O-O 10. Nc3 Qd6 11. Nb5 Qd7 12. Bf4 Nd5 13. Ne5 Nxe5 14. Bxe5 Bf6
15. Bxf6 Nxf6 16. Rc1 Rd8 17. Qa4 b6 18. Rc7 Qe8 19. Rxa7 Bd7 20. Rxa8 Rxa8 21.
Qb3 Qd8 22. Bf3 Bxb5 23. Qxb5 Rxa2 24. Rc1 h6 25. Qb3 Ra5 26. Qe3 Nd5 27. Qe4
Rb5 28. Qe2 Rb4 29. Rd1 Qa8 30. h3 Qa2 31. Bxd5 Qxd5 32. Qd2 Qb5 33. Rb1 Qa4
34. d5 Rd4 35. Qe3 Qa2 36. Qxd4 Qxb1+ 37. Kh2 exd5 38. Qxb6 Qe4 39. b4 d4 40.
b5 d3 41. Qd8+ 1/2-1/2

[Event "Ïåðâåíñòâî Ìîñêâû ïî øàõìàòàì"]
[Site "Ìîñêâà, ÌÃÈÌÎ ïð. Âåðíàäñêîãî,"]
[Date "2018.11.25"]
[Round "9.12"]
[White "Bakhtina, Anastasiya"]
[Black "Kirianova, Evgeniia"]
[Result "1-0"]
[WhiteElo "1405"]
[BlackElo "1214"]
[PlyCount "99"]
[EventDate "2018.11.18"]

1. d4 Nf6 2. c4 d5 3. Nc3 g6 4. Bf4 Bg7 5. Nf3 c6 6. h3 O-O 7. e3 dxc4 8. Bxc4
b5 9. Bd3 a6 10. Ne5 Nd5 11. Nxd5 cxd5 12. O-O f6 13. Nf3 Nc6 14. Bc2 e5 15.
Bg3 e4 16. Nd2 f5 17. Nb3 g5 18. f4 g4 19. Kh1 gxh3 20. gxh3 Kh8 21. Rg1 Rg8
22. Qe1 Bf6 23. Rg2 a5 24. Qf2 Ra7 25. Rag1 Rag7 26. Nc5 h5 27. Bd1 h4 28. Bh2
Nb4 29. a3 Nd3 30. Nxd3 Rxg2 31. Rxg2 Rxg2 32. Qxg2 exd3 33. Qd2 Qe8 34. Qxd3
Qe4+ 35. Qxe4 fxe4 36. Kg2 Kg7 37. Bg4 Bb7 38. Bg1 b4 39. axb4 axb4 40. Bf2 b3
41. Bd1 Kg6 42. Bxb3 Kf5 43. Ba4 Bc8 44. Bc6 Be6 45. b4 Bxd4 46. exd4 Kxf4 47.
Bxh4 e3 48. Bb5 Ke4 49. Bf6 Kf5 50. Be5 1-0

[Event "Ïåðâåíñòâî Ìîñêâû ïî øàõìàòàì"]
[Site "Ìîñêâà, ÌÃÈÌÎ ïð. Âåðíàäñêîãî,"]
[Date "2018.11.25"]
[Round "9.14"]
[White "Dvoeglazova, Daria"]
[Black "Anchikova, Olga"]
[Result "0-1"]
[WhiteElo "1247"]
[BlackElo "1341"]
[PlyCount "84"]
[EventDate "2018.11.18"]

1. e4 e6 2. d4 d5 3. exd5 exd5 4. Nc3 Nf6 5. g3 Be7 6. Bg2 c6 7. Nf3 Bf5 8. Bf4
Nbd7 9. Nh4 Bg4 10. f3 Bh5 11. g4 Bg6 12. Nxg6 hxg6 13. Qe2 Nf8 14. O-O-O Ne6
15. Bg3 b5 16. Nxb5 cxb5 17. Qxb5+ Qd7 18. Qxd7+ Kxd7 19. Be5 a5 20. f4 Nxg4
21. Bxd5 Rag8 22. Rd2 Bd6 23. h3 Nf6 24. Bxe6+ fxe6 25. c4 Ne4 26. Rg2 Bxe5 27.
fxe5 g5 28. Re1 Rh4 29. Rg4 Rxg4 30. hxg4 Nf2 31. Kd2 Rf8 32. Rf1 Ne4+ 33. Ke1
Rxf1+ 34. Kxf1 Nd2+ 35. Ke2 Nxc4 36. b3 Nb6 37. Kd3 Kc6 38. a3 Kb5 39. Kc3 Nd5+
40. Kd3 g6 41. Kd2 a4 42. Kc2 Ne3+ 0-1